KPIs show improvement (Record no. 75457)

MARC details
000 -LEADER
fixed length control field 00814cab a2200181 4500
001 - CONTROL NUMBER
control field L130119
008 - FIXED-LENGTH DATA ELEMENTS--GENERAL INFORMATION
fixed length control field 050624n2005 000 0 eng u
035 ## - SYSTEM CONTROL NUMBER
System control number (Sirsi) u130119
041 ## - LANGUAGE CODE
Language code of text/sound track or separate title eng
245 ## - TITLE STATEMENT
Title KPIs show improvement
260 ## - PUBLICATION, DISTRIBUTION, ETC.
Date of publication, distribution, etc. 2005
490 ## - SERIES STATEMENT
Series statement Contract Journal
Volume/sequential designation 428(6528) 8 June 2005, 4(1)
520 ## - SUMMARY, ETC.
Summary, etc. Give details of construction industry economic Key Performance Indicators (KPIs) which were published by Construction Excellence. Includes construction and housing KPIs and year on year comparisons for areas such as client satisfaction, the environmental impact process and predictability in cost and time.
590 ## - LOCAL NOTE (RLIN)
Local note IKA040705
650 ## - SUBJECT ADDED ENTRY--TOPICAL TERM
Topical term or geographic name entry element CONSTRUCTING EXCELLENCE CONSTRUCTION INDUSTRY KEY PERFORMANCE INDICATORS (ECONOMIC)
690 ## - LOCAL SUBJECT ADDED ENTRY--TOPICAL TERM (OCLC, RLIN)
Topical term or geographic name as entry element Construction management
9 (RLIN) 6230
942 ## - ADDED ENTRY ELEMENTS (KOHA)
Suppress in OPAC 0
Holdings
Withdrawn status Lost status Source of classification or shelving scheme Damaged status Not for loan Home library Current library Shelving location Date acquired Total Checkouts Full call number Barcode Date last seen Copy number Price effective from Koha item type
    Dewey Decimal Classification     London London Journal article 24/06/2005   L130119 130119-1001 06/08/2019 1 06/08/2019 Journal article